000 00658nam a2200217 a 4500
005 20140311163018.0
008 120919s19uu xx 00 eng d
020 _a9780495095859
050 _aPN 4129.15
_b.Sp67 2008
100 _aSprague, Jo
245 _aThe speaker's handbook /
_cJo Sprague, Douglas Stuart.
250 _a8th ed.
260 _aBelmont, CA :
_bThomson/Wadsworth,
_c2008.
300 _axxxii, 543 p. :
_bcol. ill. ;
_c24 cm.
440 _aWadsworth series in communication studies
521 _aMC
650 _aPublic speaking
_xHandbooks, manuals, etc.
700 _aStuart, Douglas
942 _cBK
_2lcc
_kFOR
999 _c39453
_d39453